Australian and New Zealand journal of criminology

Detalles Bibliográficos
Formato: Desconocido
Lenguaje:inglés
Publicado: Bowen Hills, Australia : Australian Academic Press
Materias:
Acceso en línea:Acceso restringido

MARC

LEADER 00000ny a22000003n 4500
005 20110511144830.0
007 cr||||||||||||
008 091202s at 000 eng d
022 |a 0004-8658 
035 |a 3079 
040 |a BUS  |d vLex 
090 |c 1707  |d 1707 
245 3 0 |a Australian and New Zealand journal of criminology  |h [Recurso electrn̤ico] 
246 3 |a Australian & New Zealand journal of criminology 
256 |a Servicio en ln̕ea 
260 |a Bowen Hills, Australia :  |b Australian Academic Press 
310 |a Trimestral  
506 1 |a Contenido solo disponible en los productos indicados  |d vLex Global  |d vLex Global (Academic Edition, excluding Law Schools)  |d vLex Global (Academic Edition, Law Schools) 
650 0 4 |a Criminologa̕  |x Publicaciones perid̤icas 
650 0 4 |a Law 
730 0 |a ALPSP Learned Journals Collection 
740 0 |a vLex Revista (Servicios en ln̕ea) 
843 |a Electrn̤ica. Abierta 
853 |8 1  |i (year)  |j (month)  |k (day) 
856 4 0 |u http://vlex.com/source/3079  |z Acceso restringido 
942 |c REV 
999 4 |a Revistes electrṇiques 
999 4 |a Criminologia 
999 4 |a Criminologia  |z Austrl̉ia 
999 4 |a Criminologia  |z Nova Zelanda